000 00634nam a22002057a 4500
003 OSt
005 20161202194210.0
008 150424b xxu||||| |||| 00| 0 eng d
020 _a9780521651516
040 _cDDC
082 _222nd ed.
_a548 GRA 2007
100 _aGraef, De Marc; McHenry, Michael E.
_94100
245 _aStructure of materials:
_ban introduction to crystallography, diffraction, and symmetry
260 _bCambridge University Press,
_c2007
300 _axxxi,844p;
_bill:
_c25cm
504 _aReferences, & index included
650 _aSymmetry
_94101
650 _acrystallography
_911342
942 _2ddc
_cO_SHELF
999 _c1556
_d1556